LEADER 01100nam a2200277 i 4500 001 000000190269 003 CaOOAMICUS 005 20150219000000.0 008 150219s1958 it u000 u ita u 013 $a168635 040 $aSeMil$bita 100 1 $aApollonio, Umbro.$0(OLS)http://semarc/name/34917 245 10$aMarino Marini scultore /$cUmbro Apollonio. 250 $a3. ed. rinnovata. 260 $aMilano :$bEdizioni del Milione,$c1958. 300 $a1 v. :$bill. ;$c30 cm. 490 0 $aMonografie di artisti italiani contemporanei ;$v3 500 $aFondo card. Giovanni Colombo. 650 4$aMarini, Marino <1901-1980>.$0(OLS)http://semarc/subject/17352 830 0$aMonografie di artisti italiani contemporanei ;$v3.$0(OLS)http://semarc/title/42755 850 $aSeMil 852 $aSeMil$W1$xVenegono$y1$m3GC VIII 53$j140897$B140897$CSeMilBibl$Z2$F152508 $8B 941 1 $a3 961 $aLascito: Colombo Card. Giovanni 996 $6245$aMarino Marini scultore$9(OLS)http://semarc/title/274108 996 $6260$aMilano :$bEdizioni del Milione$9(OLS)http://semarc/publisher/34452 LEADER 01299nam a2200289 i 4500 001 000000119263 003 CaOOAMICUS 005 20031022000000.0 008 031022s2001 it u000 u ita u 013 $a91956 020 $a88-250-1011-7 040 $aSeMil$bita 100 1 $aVendramini, Elisabetta.$0(OLS)http://semarc/name/49744 245 10$aEpistolario :$bedizione critica integrale /$cElisabetta Vendramini ; prefazione di Pietro Nonis. 260 $aPadova :$bMessaggero,$ccopyr. 2001. 300 $a[70], 1208 p. ;$c22 cm. 500 $aContiene : Appendice ; Bibliografia. - Fondo Card. C.M. Martini. 650 4$aVendramini, Elisabetta .$0(OLS)http://semarc/subject/22319 650 4$aSuore terziarie francescane elisabettine.$0(OLS)http://semarc/subject/22320 700 1 $aNonis, Pietro Giacomo .$0(OLS)http://semarc/name/21015 850 $aSeMil 852 $aSeMil$W1$xVenegono$y1$m3G III 1$j74494$B74494$CSeMilBibl$Z2$F86026 $81 941 1 $a4 961 $aOmaggio: Martini Card. Carlo Maria 996 $6020$a88-250-1011-7$9(OLS)http://semarc/number/104092 996 $6245$aEpistolario :$bedizione critica integrale$9(OLS)http://semarc/title/175251 996 $6260$aPadova :$bMessaggero$9(OLS)http://semarc/publisher/29786